Les surnoms des Seven Deadly Sins - Statistiques

Statistiques générales
  • Ce quiz a été pris 135 fois
  • Le résultat moyen est 6 sur 7
Statistiques - réponses
Membre Surnom % Correct
Meliodas Dragon de la Colère
100%
Ban Renard de l'Avarice
94%
Escanor Lion de l'Orgueil
89%
Diane Serpent de l'Envie
89%
Gowther Bélier de la Luxure
81%
Merlin Sanglier de la Gourmandise
78%
King Grizzli de la Paresse
57%
Aucun quiz correspondant
Distribution des résultats
% des personnes avec chaque résultat
Percentile par nombre de réponses
Votre historique - résultats
Vous n’avez pas pris ce quiz